00532cam a22002055a 4500001001300000003000400013005001700017008004100034010001700075040001800092050002000110100001700130245003700147250001600184260004800200300002100248546001400269650002600283999001700309sa 64003601 DLC20260227112018.0040527s ii 000 j tam  asa 64003601  aDLCcDLCdDLC00aPL4758.9.V3bC50 aVācavan̲.10aCirittatu yār? /cVācavan̲. a1. patippu. aCen̲a̲i :bVān̲ati Patippakam,c[1963] a160 p. ;c18 cm. aIn Tamil. 0aShort stories, Tamil. c58021d58021